| 000 | 02305cam a2200397 a 4500 | ||
|---|---|---|---|
| 001 | 15272253 | ||
| 003 | EG-ScBUE | ||
| 005 | 20250224103220.0 | ||
| 008 | 080422s2009 ua f b 001 0 eng d | ||
| 020 | _a9789774162749 | ||
| 040 |
_aDLC _beng _erda _cDLC _dDLC _dEG-ScBUE |
||
| 041 | 1 |
_aeng _hfre |
|
| 043 |
_af------ _aa------ |
||
| 082 | 0 | 4 |
_a320.557 _222 _bBUR |
| 100 | 1 |
_aBurgat, François, _eauthor. |
|
| 240 | 1 | 0 |
_aIslamisme à l'heure d'Al-Qaida. _lEnglish |
| 245 | 1 | 0 |
_aIslamism in the shadow of al-Qaeda / _cFrançois Burgat ; translated by Patrick Hutchinson. |
| 264 | 1 |
_aCairo : _bThe American University in Cairo Press, _c2009. |
|
| 300 |
_axiv, 182 pages ; _c24 cm |
||
| 336 |
_2rdacontent _atext _btxt |
||
| 337 |
_2rdamedia _aunmediated _bn |
||
| 338 |
_2rdacarrier _avolume _bnc |
||
| 504 | _aIncludes bibliographical references and index. | ||
| 505 | 0 | _aTranslator's note and acknowledgments -- Introduction -- The identity matrix of "Muslim-speak" -- From national struggle to the disillusionments of "recolonization" : the triple temporality of Islamism -- The Islamist field between national specificity and transnationalization -- Red Sea secrets or Islamism without colonization -- The brothers and the salafis : between modernization and literalism, with or without radicalization -- Islamic radicalization : between religious sectarianism and political counterviolence -- From Sayyid Qutb to Mohammed Atta : sectarianism or political counterviolence? -- From fears inherited to fears exploited : the war of representations -- Hard power and imposed reform : the illusions of the western response to Islamism -- Conclusion : against terrorism -- The absolute weapon? -- Appendix : the Islamists as seen by the West in 1992. | |
| 546 | _aText in English ; translated from the original French language. | ||
| 650 | 7 |
_aArab nationalism. _2BUEsh |
|
| 650 | 7 |
_aGroup identity _zIslamic countries _xHistory _y20th century. _2BUEsh |
|
| 650 | 7 |
_aTerrorism. _2BUEsh |
|
| 653 |
_cFebruary2025 _bBUSBOL |
||
| 655 | _vReading book | ||
| 700 | 1 |
_aHutchinson, Patrick, _etranslator. |
|
| 856 | 4 | 1 |
_3Table of contents only _uhttp://www.loc.gov/catdir/toc/ecip0816/2008018323.html |
| 906 |
_a7 _bcbc _corignew _d1 _eecip _f20 _gy-gencatlg |
||
| 942 |
_2ddc _cBB |
||
| 999 |
_c30922 _d30893 |
||